| 000 | 00898nam a22002177a 4500 | ||
|---|---|---|---|
| 999 |
_c3671 _d3671 |
||
| 003 | AR-CdUCM | ||
| 008 | 190307b ||||| |||| 00| 0 spa d | ||
| 040 |
_aMUNICIPALIDAD PROVINCIAL DEL CUSCO _cBIBLIOTECA MUNICIPAL DEL CUSCO |
||
| 082 |
_24ed. _a101.9 / _bC32 |
||
| 100 |
_aCassirer, Ernst _93523 |
||
| 245 |
_aAntropología filosófica : _bintroducción a una filosofía de la cultura / |
||
| 260 |
_aMéxico : _bFondo de Cultura Económica, _c1965. |
||
| 300 |
_a335 páginas ; _c17 cm. |
||
| 440 |
_aColección popular _n41 _911923 |
||
| 505 | _aContenido: La crisis en el conocimiento del hombre -- Una clave de la naturaleza del hombre: el símbolo -- Definición del hombre en términos de cultura -- Mito y religión -- El arte -- La historia ... | ||
| 650 |
_aFilosofía _9395 |
||
| 650 |
_aNaturaleza del hombre _911924 |
||
| 650 |
_aCultura _9126 |
||
| 942 |
_2ddc _cLIBROS |
||
| 945 | _aafb | ||